Central Teacher Eligibility Test Comprehensive Guide: (Record no. 186404)

MARC details
000 -LEADER
fixed length control field 00547nam a22001697a 4500
005 - DATE AND TIME OF LATEST TRANSACTION
control field 20220225152902.0
010 ## - LCCN (DPL NO)
LC control number ENG-131814
020 ## - INTERNATIONAL STANDARD BOOK NUMBER
International Standard Book Number 9789389795950
Terms of availability 499.00
035 ## - SYSTEM CONTROL NUMBER
System control number EN-115346
037 ## - SOURCE OF ACQUISITION
Source of stock number/acquisition DBAD/PUB
082 ## - DEWEY DECIMAL CLASSIFICATION NUMBER
Classification number 000
245 ## - TITLE STATEMENT
Title Central Teacher Eligibility Test Comprehensive Guide:
Remainder of title Class VI-VIII Paper II Social Studies, Social Science/
260 ## - PUBLICATION, DISTRIBUTION, ETC. (IMPRINT)
Place of publication, distribution, etc New Delhi
Name of publisher, distributor, etc Dreamtech Press
Date of publication, distribution, etc 2020
270 ## - ADDRESS
City New Delhi
Address 19-A, Ansari Road, Daryaganj
Postal code 110002
300 ## - PHYSICAL DESCRIPTION
Extent vp.
Dimensions 27cm(pbk)
942 ## - ADDED ENTRY ELEMENTS (KOHA)
Source of classification or shelving scheme Dewey Decimal Classification
Item type English Books
Classification part 000
Call number suffix CTE
Holdings
Withdrawn status Lost status Not for loan Collection code Home library Current library Date acquired Source of acquisition Cost, normal purchase price Full call number Barcode Copy number Cost, replacement price Koha item type
      Non-fiction Central Library Central Library 25/02/2022 DBAD/PUB 499.00 000 CTE EN-115346 1 499.00 English Books

© Delhi Public Library
Hit Counter
free hit counter